Basic laboratory studies in biochemistry / (Record no. 13581)
[ view plain ]
| 000 -LEADER | |
|---|---|
| fixed length control field | 00701nam a22002417a 4500 |
| 003 - CONTROL NUMBER IDENTIFIER | |
| control field | OSt |
| 005 - DATE AND TIME OF LATEST TRANSACTION | |
| control field | 20140310182445.0 |
| 008 - FIXED-LENGTH DATA ELEMENTS--GENERAL INFORMATION | |
| fixed length control field | 130311t xxu||||| |||| 00| 0 eng d |
| 020 ## - INTERNATIONAL STANDARD BOOK NUMBER | |
| International Standard Book Number | 9715060552 |
| 050 ## - LIBRARY OF CONGRESS CALL NUMBER | |
| Classification number | QD 415 |
| Item number | .B523 2006, 2007 |
| 100 ## - MAIN ENTRY--PERSONAL NAME | |
| Personal name | de Castro-Bernas, Gloria. |
| 9 (RLIN) | 7666 |
| 245 ## - TITLE STATEMENT | |
| Title | Basic laboratory studies in biochemistry / |
| Statement of responsibility, etc | Gloria de Castro-Bernas, Mafel C Ysrael, Alicia T. Bernaldez |
| 250 ## - EDITION STATEMENT | |
| Edition statement | 3rd ed. |
| 260 ## - PUBLICATION, DISTRIBUTION, ETC. (IMPRINT) | |
| Place of publication, distribution, etc | Manila: |
| Name of publisher, distributor, etc | UST Print. Office. |
| Date of publication, distribution, etc | c2006, c2007. |
| 300 ## - PHYSICAL DESCRIPTION | |
| Extent | 181 p. |
| Other physical details | ill. ; |
| Dimensions | 27 cm. |
| 650 ## - SUBJECT ADDED ENTRY--TOPICAL TERM | |
| Topical term or geographic name as entry element | Biochemistry. |
| 9 (RLIN) | 7667 |
| 942 ## - ADDED ENTRY ELEMENTS (KOHA) | |
| Source of classification or shelving scheme | Library of Congress Classification |
| Koha item type | |
| Withdrawn status | Lost status | Source of classification or shelving scheme | Damaged status | Home library | Current library | Shelving location | Date acquired | Total Checkouts | Total Renewals | Full call number | Barcode | Date last seen | Date checked out | Copy number | Price effective from | Koha item type |
|---|---|---|---|---|---|---|---|---|---|---|---|---|---|---|---|---|
| Library of Congress Classification | South SEED-LPDH College Library | South SEED-LPDH College Library | South SEED-LPDH College Section | 08/05/2013 | 1 | 5 | QD 415 .B523 2007 | SSLC1133 | 09/23/2020 | 07/08/2020 | 1 | 08/05/2013 | Books | |||
| Library of Congress Classification | South SEED-LPDH College Library | South SEED-LPDH College Library | South SEED-LPDH College Section | 08/05/2013 | QD 415 .B523 2007 | SSLC1131 | 05/15/2018 | 2 | 08/05/2013 | Books | ||||||
| Library of Congress Classification | South SEED-LPDH College Library | South SEED-LPDH College Library | South SEED-LPDH College Section | 08/05/2013 | QD 415 .B523 2007 | SSLC1132 | 08/05/2013 | 3 | 08/05/2013 | Books | ||||||
| Library of Congress Classification | South SEED-LPDH College Library | South SEED-LPDH College Library | South SEED-LPDH College Section | 08/05/2013 | QD 415 .B523 2006 | SSLC1129 | 05/15/2018 | 1 | 08/05/2013 | Books | ||||||
| Library of Congress Classification | South SEED-LPDH College Library | South SEED-LPDH College Library | South SEED-LPDH College Section | 08/05/2013 | QD 415 .B523 2006 | SSLC1130 | 05/15/2018 | 2 | 08/05/2013 | Books |